Racionalisace školství Funkcionální organisace školské soustavy

Podrobná bibliografia
Hlavný autor: Příhoda, Václav, 1889-1979 (Autor)
Médium: Kniha
Jazyk:čeština
Fyzický popis:460, [2] s. Grafy. Sch. Tab. 21 cm
Vydavateľské údaje: Praha Orbis 1930
Edícia:Perspektívy (Knihy živé vědy)
Predmet:

MARC

LEADER 00000nam a2200000 a 4500
001 vtls001267205
003 SK-MaSNL
005 20260301113117.0
008 240315s1930 xr da 0 100 cze
035 |a SNK000218177 
040 |a SNK  |b slo  |c SNK  |e AACR2 
041 |a cze 
044 |a xr  |c CZ 
080 |a 371(437)  |2 2001 
100 1 |a Příhoda, Václav,  |d 1889-1979  |4 aut  |9 108906 
245 1 |a Racionalisace školství  |b Funkcionální organisace školské soustavy  |c Václav Příhoda 
260 |a Praha  |b Orbis  |c 1930  |e Praha  |f Orbis 
300 |a 460, [2] s.  |b Grafy. Sch. Tab.  |c 21 cm 
490 1 |a Perspektívy (Knihy živé vědy)  |v Sv. 1 
504 |a Bibliogr. odkazy. Reg. 
650 0 7 |a školstvo  |2 SNKPH  |9 19712 
650 0 7 |a racionalizácia  |2 SNKPH  |9 938 
650 0 7 |a organizácia školstva  |2 SNKPH  |9 58473 
830 0 |a Perspektívy (Knihy živé vědy)  |9 454829 
999 |c 712754  |d 714684 
952 |t P60, <04>, [BOOK], {604}  |a SNK  |b SNK  |y VYP  |7 0  |p 17A0020129  |o snkIC 39576 D1  |0 0  |1 1  |4 0  |d 1996-11-22  |l 0  |r 2005-01-01 00:00:00  |w 2026-02-23